De Gaulle's Republic / (Record no. 24926)
[ view plain ]
| 000 -LEADER | |
|---|---|
| fixed length control field | 00952nam a2200289 i 4500 |
| 001 - CONTROL NUMBER | |
| control field | 24926 |
| 003 - CONTROL NUMBER IDENTIFIER | |
| rucl marc code | BD-RjUL |
| 005 - DATE AND TIME OF LATEST TRANSACTION | |
| control field | 20211209001121.0 |
| 008 - FIXED-LENGTH DATA ELEMENTS--GENERAL INFORMATION | |
| fixed length control field | 140315r19651961enka 001 0 eng |
| 035 ## - SYSTEM CONTROL NUMBER | |
| System control number | (BD-RjUL)24995 |
| 040 ## - CATALOGING SOURCE | |
| Original cataloging agency | DLC |
| Transcribing agency | DLC |
| Modifying agency | DLC |
| -- | BD-RjUL |
| Language of cataloging | eng |
| 041 ## - LANGUAGE CODE | |
| Language code of text/sound track or separate title | eng |
| 082 00 - DEWEY DECIMAL CLASSIFICATION NUMBER | |
| Classification number | 944.082 |
| Author mark and year | WID 1965 |
| 100 1# - MAIN ENTRY--PERSONAL NAME | |
| Personal name | Williams, Philip Maynard. |
| 9 (RLIN) | 6774 |
| 245 10 - TITLE STATEMENT | |
| Title | De Gaulle's Republic / |
| Statement of responsibility, etc. | Philip M. Williams and Martin Harrison. |
| 260 ## - PUBLICATION, DISTRIBUTION, ETC. (IMPRINT) | |
| Place of publication, distribution, etc. | Londod. : |
| Name of publisher, distributor, etc. | Longmans, |
| Date of publication, distribution, etc. | c1960 [Reprinted 1965]. |
| 300 ## - PHYSICAL DESCRIPTION | |
| Pagination | vii, 279 p. : |
| Illustrations | ill. ; |
| Size | 23 cm. |
| 504 ## - BIBLIOGRAPHY, ETC. NOTE | |
| Bibliography, etc | Includes index. |
| 600 10 - SUBJECT ADDED ENTRY--PERSONAL NAME | |
| Personal name | Gaulle, Charles de, |
| Dates associated with a name | 1890-1970. |
| 651 #0 - SUBJECT ADDED ENTRY--GEOGRAPHIC NAME | |
| Geographic name | France |
| General subdivision | Politics and government |
| Chronological subdivision | 1945- |
| 9 (RLIN) | 6775 |
| Geographic name | Algeria |
| General subdivision | History |
| Chronological subdivision | 1945-1962. |
| 9 (RLIN) | 76694 |
| 700 1# - ADDED ENTRY--PERSONAL NAME | |
| Personal name | Harrison, Martin, |
| Dates associated with a name | 1930- |
| Relator term | joint author. |
| 710 12 - ADDED ENTRY--CORPORATE NAME | |
| Corporate name or jurisdiction name as entry element | France. |
| Form subheading | Constitution, 1958. English. 1979. |
| 9 (RLIN) | 76696 |
| 942 ## - ADDED ENTRY ELEMENTS (KOHA) | |
| Source of classification or shelving scheme | Dewey Decimal Classification |
| Koha item type | Books |
| Lost status | Source of classification or shelving scheme | Damaged status | Not for loan | Collection code | Permanent Location | Current Location | Shelving location | Date acquired | Source of acquisition | Cost, normal purchase price | Total Checkouts | Full call number | Date last seen | Copy number | Koha item type |
|---|---|---|---|---|---|---|---|---|---|---|---|---|---|---|---|
| Dewey Decimal Classification | Non-fiction | Central Library, University of Rajshahi | Central Library, University of Rajshahi | 11/12/1968 | Zitlinger | 30.00 | 944.082 WID 1965 | 15/03/2014 | C-3 | Books | |||||
| Dewey Decimal Classification | Non-fiction | Central Library, University of Rajshahi | Central Library, University of Rajshahi | 11/12/1968 | Zeitlinger | 30.00 | 944.082 WID 1965 | 19/03/2014 | C-2 | Books | |||||
| Dewey Decimal Classification | Not For Loan | Non-fiction | Central Library, University of Rajshahi | Central Library, University of Rajshahi | Reading Room | 11/12/1968 | Zeitlinger | 30.00 | 944.082 WID 1965 | 12/02/2017 | C-1 | Books |